| 000 | 01081cam a2200301 i 4500 | ||
|---|---|---|---|
| 003 | EG-ScBUE | ||
| 005 | 20240625135330.0 | ||
| 008 | 030510s1994 enk f b 001 0 ara d | ||
| 020 | _a086372177X | ||
| 020 | _a9780863721779 | ||
| 040 |
_aEG-ScBUE _beng _erda _cEG-ScBUE _dEG-ScBUE |
||
| 043 |
_af-ua--- _ae-uk--- |
||
| 082 | 0 | 4 |
_222 _a962.05 _bNAS |
| 100 | 1 |
_aʻAbd al-Nāṣir, Hudá Jamāl, _eauthor. _934323 |
|
| 245 | 1 | 0 |
_aBritain and the Egyptian nationalist movement 1936-1952 / _cHoda Gamal Abdel Nasser. |
| 264 | 1 |
_aReading, UK : _bIthaca Press, _c1994. |
|
| 300 |
_axxv, 350 pages ; _c25 cm |
||
| 336 |
_2rdacontent _atext _btxt |
||
| 337 |
_aunmediated _2rdamedia _bn |
||
| 338 |
_avolume _bnc _2rdacarrier |
||
| 504 | _aIncludes bibliographical references and index. | ||
| 651 | 7 |
_934322 _aEgypt _xPolitics and government _y1919-1952. _2BUEsh |
|
| 651 | 7 |
_921125 _aGreat Britain _xForeign relations _zEgypt. _2BUEsh |
|
| 651 | 7 |
_934321 _aEgypt _xForeign relations _zGreat Britain. _2BUEsh |
|
| 653 | _cOctober2013 | ||
| 655 |
_vReading book _934232 |
||
| 942 |
_2ddc _cBB |
||
| 999 |
_c17718 _d17690 |
||